| 000 | 01298nam a22003617a 4500 | ||
|---|---|---|---|
| 003 | CHAP | ||
| 005 | 20220817042351.0 | ||
| 008 | 971013s1995 r 00010 d | ||
| 010 | _a42397 | ||
| 011 | _a43369 | ||
| 035 | _a47505 | ||
| 040 | _cCHAP | ||
| 082 |
_a378 _bH3 1995 |
||
| 100 | 0 | 0 |
_aHanel del Valle, Jorge. _952518 |
| 245 | _aElementos analíticos de la evaluación del sistema de educación superior en México | ||
| 250 | _a2 ed. | ||
| 260 |
_aMéxico, D.F. : _bAsociación Nacional de Universidades e Instituciones de Educación Superior, _c1995 |
||
| 300 | _a142 p. | ||
| 590 |
_aBATCH-UPD _b10 _c20130110 _lUCH01 _h0143 |
||
| 590 |
_aBATCH-UPD _b10 _c20130110 _lUCH01 _h1233 |
||
| 590 |
_aBATCH-UPD _b10 _c20130409 _lUCH01 _h2141 |
||
| 590 |
_aBATCH-UPD _b10 _c20130410 _lUCH01 _h0802 |
||
| 590 |
_aBATCH-UPD _b10 _c20130914 _lUCH01 _h1236 |
||
| 590 |
_aCONVERSION _b10 _c20130109 _lUCH01 _h1323 |
||
| 650 | 1 | 4 | _aEducación superior. |
| 650 | 1 | 4 |
_aEducación _xEstadísticas. _935437 |
| 650 | 1 | 4 |
_aPolítica educativa _zMéxico. _990561 |
| 700 | 0 |
_aTaborga Torrico, Huáscar. _9111317 |
|
| 901 | _aBK | ||
| 942 | _cLIBRO | ||
| 949 |
_a378 H3 1995 _bBC _cLIBRO _d33724000004198 _eLIBRO _h88961 _i47505 _mD _si |
||
| 949 |
_a378 H3 1995 _bBC _cLIBRO _d33724000735031 _eLIBRO _fc.2 _h95492 _i47505 _sb |
||
| 999 |
_c42397 _d42397 |
||